=LDR 00000nam 2200000 4500 =001 INLIS000000000035462 =005 20130612141321 =008 ***********************************ind** =035 ##$$0010-061300000035462 =041 ##$$a ind =082 ##$$a 811 =090 ##$$a 811, Dja a =100 ##$$a DJAYA, Syuman =245 ##$$a Aku, Berdasarkan perjalanan hidup dan karya penyair Chaeril Anwar, jaya =260 ##$$a 2003 $b Jakarta =300 ##$$a xii, 155 hlm, 21 cm =650 ##$$a Puisi Indonesia =850 ##$$a NBPNMAT